21st century political science : (Record no. 18697)

000 -LEADER
fixed length control field 00909cam a2200193Mi 4500
020 ## - INTERNATIONAL STANDARD BOOK NUMBER
ISBN 9781412979351 (electronic book)
020 ## - INTERNATIONAL STANDARD BOOK NUMBER
ISBN 1412979358 (electronic book)
040 ## - CATALOGING SOURCE
Transcribing agency GGVRL
082 04 - DEWEY DECIMAL CLASSIFICATION NUMBER
Classification number 320 RMH 1991 C151 Or.
245 00 - TITLE STATEMENT
Title 21st century political science :
Remainder of title a reference handbook /
300 ## - PHYSICAL DESCRIPTION
Number of Pages 1 online resource (448 pages)
520 ## - SUMMARY, ETC.
Summary, etc Highlights the most important political science topics, issues, questions, and debates in the 21st Century. Includes basic institutions of government, political ideologies and cultures, public opinion, political parties and elections, political communication, political economy, international relations and institutions
650 #0 - SUBJECT ADDED ENTRY--TOPICAL TERM
Topical Term Political science
700 1# - ADDED ENTRY--PERSONAL NAME
Personal name Ishiyama, John T.,
700 1# - ADDED ENTRY--PERSONAL NAME
Personal name Breuning, Marijke,
710 2# - ADDED ENTRY--CORPORATE NAME
Corporate name or jurisdiction name as entry element Ohio Library and Information Network.
856 40 - ELECTRONIC LOCATION AND ACCESS
Uniform Resource Identifier http://rave.ohiolink.edu/ebooks/ebc/9781412969017
942 ## - ADDED ENTRY ELEMENTS (KOHA)
Koha item type ADB
952 ## - LOCATION AND ITEM INFORMATION (KOHA)
Withdrawn status [LOCAL, KOHA] 0
Holdings
Source of acquisition Permanent Location Date acquired Koha item type Lost status Shelving location Current Location Full call number
A38468Library Block C2020-01-13សៀវភៅភាសាអង់គ្លេស C151Library Block C320 RMH 1991 C151 Or.
មជ្ឈមណ្ឌលឯការនៃសាកលវិទ្យាល័យភូមិន្ទកសិកម្មចំការដូង

Powered by Koha